Movies Quiz

Random Movies or Actor Quiz

Colonial Marines in Aliens Quiz Stats

 Plays Quiz Updated Mar 30, 2020

     
Support Sporcle.
Go Orange.
Score 0/13 Timer 05:00
1 Play Today
Rank Name % Correct
CorporalDwayne Hicks
90.9%
PrivateWilliam Hudson
79.2%
PrivateJenette Vasquez
77.3%
Executive OfficerBishop
76.5%
SergeantAl Apone
70.8%
LieutenantWilliam Gorman
60%
PrivateRicco Frost
53.7%
PrivateMark Drake
49.6%
PrivateDaniel Spunkmeyer
43%
CorporalCynthia Dietrich
34.5%
PrivateTrevor Wierzbowski
30.9%
PrivateTim Crowe
29.2%
CorporalColette Ferro
29.1%

From the Vault

First and Last Letters: Movies

by Flick

Movies 6m
We hope all those letters in the middle went to a good home.
Remove Ads.
Support Sporcle.
Get the best of Sporcle when you Go Orange. This ad-free experience offers more features, more stats, and more fun while also helping to support Sporcle. Thank you for becoming a member.

Show Comments

Extras

Top Quizzes Today


Score Distribution

Your Account Isn't Verified!

In order to create a playlist on Sporcle, you need to verify the email address you used during registration. Go to your Sporcle Settings to finish the process.

Report this User

Report this user for behavior that violates our Community Guidelines.

Details: